000 01202nam a2200277 a 4500
001 ASIN0230360718
005 20170105102907.0
008 131024s2012 xxu eng d
020 _a0230360718 (hardcover)
_c$85.00
020 _a9780230360716 (hardcover)
040 _a0
050 0 4 _aJZ5588
082 0 4 _a327.17
100 1 _aSvendsen, Adam.
245 1 0 _aUnderstanding the globalization of intelligence /
_cAdam Svendsen, Adam D.M. Svendsen.
260 _a[S.l.] :
_bPalgrave Macmillan,
_c2012.
300 _a264 p. ;
_c22 cm.
520 _aIn this concise introduction to the complexities of contemporary western intelligence and its dynamics during an era of globalization, Adam Svendsen discusses intelligence cooperation in the early 21st century, with a sharp focus on counter-terrorism and WMD counter-proliferation during the 'War on Terror.'
650 0 _aDeveloped countries
650 0 _aIntelligence service
650 0 _aInternational relations and terrorism
650 0 _aNational security--International cooperation
700 1 _aSvendsen, Adam D.M.
856 4 0 _3Amazon.com
_uhttp://www.amazon.com/exec/obidos/ASIN/0230360718/chopaconline-20
942 _2ddc
_cBK
999 _c14918
_d14918